Normal view
MARC view
- Shamshair Parkash
Entry Personal Name
001 - CONTROL NUMBER
- control field: 134422
003 - CONTROL NUMBER IDENTIFIER
- control field: NUST
005 - DATE AND TIME OF LATEST TRANSACTION
- control field: 20260512140311.0
008 - FIXED-LENGTH DATA ELEMENTS
- fixed length control field: 260512|| aca||aabn | a|a d
040 ## - CATALOGING SOURCE
- Original cataloging agency: NUST
- Transcribing agency: NUST
100 ## - HEADING--PERSONAL NAME
- Personal name: Shamshair Parkash
670 ## - SOURCE DATA FOUND
- Source citation: Work cat.: (NUST): Shamshair Parkash, Seismic Analysis and design for soil Pile Structure Interactions /, 1997.
